Normal view
MARC view
- Principles of Material science and engineering
Entry Topical Term
001 - CONTROL NUMBER
- control field: 126156
003 - CONTROL NUMBER IDENTIFIER
- control field: NUST
005 - DATE AND TIME OF LATEST TRANSACTION
- control field: 20240930090814.0
008 - FIXED-LENGTH DATA ELEMENTS
- fixed length control field: 240930|| aca||aabn | a|a d
040 ## - CATALOGING SOURCE
- Original cataloging agency: NUST
- Transcribing agency: NUST
150 ## - HEADING--TOPICAL TERM
- Topical term or geographic name entry element: Principles of Material science and engineering
670 ## - SOURCE DATA FOUND
- Source citation: Work cat.: (NUST): William F. Smith 52829, Principles of Material science and engineering , 1990.
